| 000 | 00949nam a22002897a 4500 | ||
|---|---|---|---|
| 005 | 20230512224106.0 | ||
| 008 | 230328t xxu||||| |||| 00| 0 eng d | ||
| 020 | _a9780367426194 | ||
| 040 | _cCSPC | ||
| 050 | 0 | _aZ678.L4853 | |
| 082 | 0 |
_a025.1 _bL616 |
|
| 245 | 0 | 0 |
_aLibrary management in the information technology environment : _bissues, policies, and practice for administrators / _cedited by Brice G. Hobrock. |
| 260 |
_aNew York : _bRoutledge, _c2020. |
||
| 300 |
_a155 pages : _c24 cm. |
||
| 336 |
_2rdacontent _atext |
||
| 337 |
_2rdamedia _aunmediated |
||
| 338 |
_2rdacarrier _avolume |
||
| 650 | 1 | 0 |
_aInformation technology _xManagement. |
| 650 | 1 | 0 |
_aLibraries _vAutomation _xManagement. |
| 650 | 1 | 0 | _aLibrary administration. |
| 700 | 1 |
_aHobrock, Brice G., _eeditor. |
|
| 940 | _ajessa f | ||
| 940 | _amae | ||
| 942 |
_cBOOK _jCIR 025.1 L616 2020 |
||
| 999 |
_c13237 _d13237 |
||